Online Catalogue and eLibrary

Secularism, Communalism and the Intellectuals (Record no. 5718)

MARC details
000 -LEADER
fixed length control field 00426nam a2200169Ia 4500
005 - DATE AND TIME OF LATEST TRANSACTION
control field 20240722034005.0
008 - FIXED-LENGTH DATA ELEMENTS--GENERAL INFORMATION
fixed length control field 240331s9999 xx 000 0 und d
020 ## - INTERNATIONAL STANDARD BOOK NUMBER
ISBN 818878947X
082 ## - DDC Classification
Item Number - Author Mark BAB
Class No. 211
100 ## - MAIN ENTRY--PERSONAL NAME
Personal name Baber, Z
245 #0 - TITLE STATEMENT
Title Secularism, Communalism and the Intellectuals
260 ## - PUBLICATION, DISTRIBUTION, ETC.
Place of publication, distribution, etc. New delhi
Name of publisher, distributor, etc. Three Essays Collecetive
Date of publication, distribution, etc. 2006
300 ## - PHYSICAL DESCRIPTION
Extent (e.g. Volumes, Pages etc.) 99 p .,
650 ## - SUBJECT ADDED ENTRY--TOPICAL TERM
Topical term or geographic name entry element Secularism
650 ## - SUBJECT ADDED ENTRY--TOPICAL TERM
Topical term or geographic name entry element Social
942 ## - Koha item type (Biblio)
Koha item type Books in Stacks (Lending)
Holdings
Lost status Damaged status Collection code Home library Current library Shelving location Date acquired Full call number Accession Number Item type
    Lending WERC Library WERC Library Social Science Cupboard 03/31/2024 211 BAB 6734 Books in Stacks (Lending)

© WERC Library